Morris v Liverpool City Council (Record no. 9284)

MARC details
000 -LEADER
fixed length control field 01574cab a2200217 4500
001 - CONTROL NUMBER
control field ABS39078
008 - FIXED-LENGTH DATA ELEMENTS--GENERAL INFORMATION
fixed length control field 090401t1988 xxu||||| |||| 00| 0 eng d
035 ## - SYSTEM CONTROL NUMBER
System control number (Sirsi) u14280
041 ## - LANGUAGE CODE
Language code of text/sound track or separate title eng
245 ## - TITLE STATEMENT
Title Morris v Liverpool City Council
260 ## - PUBLICATION, DISTRIBUTION, ETC.
Date of publication, distribution, etc. 1988
350 ## - PRICE (NR) (BK AM CF MU VM SE) [OBSOLETE]
Price 0
490 ## - SERIES STATEMENT
Series statement Estates Gazette
Volume/sequential designation (8814) 9 April 1988, 59-64(4)
520 ## - SUMMARY, ETC.
Summary, etc. CA 19 November 1987. In early 1984 the plaintiff (M) was a council tenant but he spent little time in the property due to illness in the family. On 15 January there was a fire during which the fire brigade had to break down the door of the flat, effectively ruining the door and frame leaving the flat insecure. The council`s emergency repairs consisted of sheeting made of thin plywood sealed by nails. On returning to the flat M removed the sheeting to check the flat`s contents which were at that time still intact and left, replacing the sheeting in secure fashion. He phoned the council to request repair but the next weekend found this had not been done and the flat had been burgled. The door was replaced with thick sheeting, denying M access until a proper repair was done on 5 February. M issued proceedings against the council claiming that it was an implied term of the tenancy that the council should maintain the flat. The court however stated that the council could not be held respo
650 ## - SUBJECT ADDED ENTRY--TOPICAL TERM
Topical term or geographic name entry element HOUSING ACT 1961 S32
650 ## - SUBJECT ADDED ENTRY--TOPICAL TERM
Topical term or geographic name entry element KING V LIVERPOOL CITY COUNCIL
650 ## - SUBJECT ADDED ENTRY--TOPICAL TERM
Topical term or geographic name entry element SMITH V LITTLEWOODS
690 ## - LOCAL SUBJECT ADDED ENTRY--TOPICAL TERM (OCLC, RLIN)
Topical term or geographic name as entry element LANDLORD AND TENANT-CASE LAW-RESIDENTIAL TENANCIES
942 ## - ADDED ENTRY ELEMENTS (KOHA)
Suppress in OPAC 0
948 ## - LOCAL PROCESSING INFORMATION (OCLC); SERIES PART DESIGNATOR (RLIN)
c (OCLC) 04/03/1997
Holdings
Withdrawn status Lost status Source of classification or shelving scheme Damaged status Not for loan Home library Current library Shelving location Date acquired Total Checkouts Full call number Barcode Date last seen Copy number Price effective from Koha item type
    Dewey Decimal Classification     London London Journal article 14/09/1999   ABS39078 14280-1001 06/08/2019 1 06/08/2019 Law report